01020nam a2200277zi 4500003000400000005001700004008004100021020001800062035001900080040002300099050001700122100002900139240003100168245024200199300001600441336002200457337002400479338002400503490002300527650003800550650004700588700005300635700002200688942001500710999001700725OSt20260530115314.0260420b1995 sp |||| |||| 00| 0 spa d a9788449324192 aMX001000713473 aICIbspacICIerda aBF408bG37181 aGardner, Howard,e autor10aCreating minds lEspañol10aMentes creativas :buna anatomia de la creatividad vista a traves de las vidas de Sigmund Freud, Albert Einstein, Pablo Picasso, Igor Stravinsky, T.S. Eliot, Martha Graham, Mahatma Gandhi / cHoward Gardher ; tr. Jose Pedro Tosaus Abadia a554 paginas 2rdacontentatexto 2rdamediaasin medio 2rdacarrieravolumen0 aPaidos testimonios aAptitud creadoraxEstudios933224 aPersonas superdotadas vBiografía9332251 aTosaus Abadía, José Pedro,etraductor9332261 a Gardner, Howard  2lcccBKn0 c13482d13482